000 00621 a2200169 4500
003 NUST
005 20230127122308.0
040 _cNust
082 _a904,EDG
100 _aEdge , Geraldine
_9107891
245 _aThe Ships of Youth /
_cGeraldine.Edge
260 _aLondon
_bHodder and Stoughton
_c1945
300 _a124:p.
505 _aMobilisation (Page-9), The First Beach Landing (Page-24), Sicily and North Africa (Page-41), Salerno Beaches (Page-56), The Cruise Continues (Page-71), More Beach Landings (Page-86), Anzio and After (Page-107).
650 _aThe Ships of Youth
_9107892
942 _2ddc
_cBK
_k904,EDG
999 _c186174
_d186174